| 000 | 01041cam a22002774a 4500 | ||
|---|---|---|---|
| 001 | 13334302 | ||
| 005 | 20250124132819.0 | ||
| 008 | 030905s2004 paua b 001 0 eng | ||
| 020 | _a9780781728454 | ||
| 050 | 0 | 0 |
_aRA1218.5 _b.M43 2004 |
| 082 | 0 | 0 |
_a615.9 _222 |
| 245 | 0 | 0 |
_aMedical toxicology / _c[edited by] Richard C. Dart. |
| 250 | _a3rd ed. | ||
| 260 |
_aPhiladelphia : _bLippincott, Williams & Wilkins, _c2004. |
||
| 300 |
_axxix, 1914 p. : _bill. ; _c29 cm. |
||
| 500 | _aRev. ed. of: Ellenhorn's medical toxicology / [edited by] Matthew J. Ellenhorn ... [et al.]. c1997. | ||
| 650 | 0 | _aClinical toxicology. | |
| 650 | 0 | _aToxicological emergencies. | |
| 650 | 1 | 2 |
_aPoisoning _xdiagnosis. |
| 650 | 1 | 2 |
_aPoisoning _xtherapy. |
| 650 | 2 | 2 |
_aToxicology _xmethods. |
| 700 | 1 | _aDart, Richard C. | |
| 856 | 4 | 2 |
_3Publisher description _uhttp://www.loc.gov/catdir/enhancements/fy0712/2003060574-d.html |
| 856 | 4 | 1 |
_3Table of contents only _uhttp://www.loc.gov/catdir/enhancements/fy0828/2003060574-t.html |
| 942 |
_2lcc _cBK _e3rd ed. _n0 |
||
| 999 |
_c3026 _d3026 |
||